| 000 | 00673nam a2200229Ia 4500 | ||
|---|---|---|---|
| 003 | OSt | ||
| 005 | 20220927113012.0 | ||
| 006 | a|||||r|||| 00| 0 | ||
| 007 | ta | ||
| 008 | 220926b |||||||| |||| 00| 0 eng d | ||
| 024 | _a151422 | ||
| 037 | _cReports | ||
| 040 |
_aRTL _cRTL _beng |
||
| 041 |
_2eng _aeng |
||
| 082 | _a"X9(J311).21.N50t, GD" | ||
| 110 |
_aFood and Agriculture (Deptt.of-) State sugarcane (Committee) _9384930 |
||
| 245 | 0 | _aReports | |
| 490 | _v00008676 | ||
| 700 |
_aFood and Agriculture (Deptt.of-) State sugarcane (Committee) _9384931 |
||
| 942 |
_h"X9(J311).21.N50t, GD" _cCC |
||
| 999 |
_c701191 _d701191 |
||